[Event "Duell 7"]
[Site "Turnierstufe"]
[Date "2025.04.28"]
[Round "11"]
[White "Reflection II max Nigel Short"]
[Black "Reflection II max Super Expert C sel. 5"]
[Result "1-0"]
[WhiteElo "2192"]
[BlackElo "2161"]
[PlyCount "132"]

1.e4 e5 2.Nc3 Nf6 3.g3 Bc5 4.Bg2 d6 5.Nf3 Nc6 {Buchende.} 6.d3 O-O 7.Na4 Bb6 
8.Nxb6 {Buchende.} 8...axb6 9.O-O Qe7 10.a4 b5 11.c3 bxa4 12.Rxa4 Bd7 13.Be3 
Nd4 14.Ra1 Nxf3+ 15.Bxf3 Bh3 16.Bg2 Bxg2 17.Kxg2 d5 18.Qb3 Rxa1 ( {Oder doch
eher} 18...c6 ) 19.Rxa1 dxe4 20.dxe4 Nxe4 $6 ( {Besser:} 20...Ng4 {oder} ) ( 
20...c6 ) 21.Qxb7 {Wieder einmal hat NS einen Mehrbauern am Damenflügel.} 
21...Nd6 22.Qc6 Rb8 23.b4 Qd8 24.Ra7 Nb5 {Und schon ist SEC in großen
Schwierigkeiten.} 25.Ra5 Qd6 26.Qxd6 cxd6 ( 26...Nxd6 {Ist nicht besser} 
27.Rxe5 Nc4 {...} ) 27.c4 Nc3 {(-01.19)} 28.Ba7 {(+1.14)} 28...Rxb4 {Noch das
kleinste Übel: SEC nimmt die die Drohung des Grundlinienmatts in Kauf...} 
29.Bd4 Kf8 30.Bxc3 {...und gibt den Springer ...} 30...Rxc4 {... für die
gefährlichen Bauern.} 31.Bb2 Ke7 {Das muss NS erst einmal gewinnen.} 32.Ba3 Ke6 
33.Ra6 Rd4 34.Kf3 Rd3+ 35.Ke2 e4 $2 ( 35...Rd4 {und Abwarten in der Festung.} ) 
36.h4 h5 37.Bb4 g6 38.Bd2 f6 39.Be3 Rb3 40.Rb6 Ra3 41.Bd2 Rd3 42.Bh6 Kf7 43.Be3 
d5 44.Bc1 Ke7 45.Bb2 Rf3 {(-01.05)} 46.Bd4 {(+1.76)} 46...Rf5 47.Bc5+ Kd7 
48.Ra6 {NS spielt das sehr gut.} 48...Ke8 {(-01.28) Hiarcs sagt schon länger
(+5.xx).} 49.Ra7 g5 $1 {Schön.} 50.g4 Rf4 51.hxg5 fxg5 52.gxh5 Rh4 53.Re7+ Kd8 
54.Rh7 Rh3 55.Kf1 Rh2 56.Be7+ Ke8 57.Bxg5 Kf8 58.h6 Rh1+ 59.Ke2 Rh5 60.Bf6 Rf5 
{Rest in je 1 Stunde.} 61.Bd4 e3 62.Ra7 exf2 63.Kf1 Rh5 64.h7 Ke8 65.h8=Q+ Rxh8 
66.Bxh8 Kd8 {(resign)} 1-0

[Event "Duell 7"]
[Site "Turnierstufe"]
[Date "2025.05.01"]
[Round "12"]
[White "Reflection II max Super Expert C sel. 5"]
[Black "Reflection II max Nigel Short"]
[Result "0-1"]
[WhiteElo "2152"]
[BlackElo "2201"]
[PlyCount "71"]

1.c4 e5 2.Nc3 Nf6 3.Nf3 Nc6 4.g3 Bb4 5.Bg2 O-O 6.O-O e4 7.Ng5 Bxc3 {Buchende.} 
8.dxc3 Re8 9.Qc2 Qe7 10.Nh3 {Buchende.} 10...d6 11.Nf4 Qe5 12.Rd1 Bf5 13.Qa4 a6 
14.Be3 $2 {Bereits der Verlustzug. Dabei wirkt er zwar antipositionell, aber
durchaus noch reparabel.} ( {Richtig:} 14.Nd5 Nxd5 15.cxd5 {...} ) 14...b5 {Na
klar. In der Folge zeigt Nigel Short mit Macht, wie das zu gewinnen ist.} 
15.cxb5 ( 15.Qc2 bxc4 {ist noch das kleinere Übel.} ) 15...axb5 {Hiarcs 15.4
sieht Weiß bereits mit einer Bauerneinheit im Nachteil.} 16.Qc2 g5 17.Nh3 h6 
{(+0.12)} 18.a4 {(-00.36) Die Analyse-Engine sagt bereits (-2.53).} 18...bxa4 
{(+0.69)} 19.Kh1 Qa5 ( 19...Qe6 {ist noch stärker.} ) 20.Qc1 Be6 {(+0.76)} 
21.b4 {(-00.91)} 21...Qb5 22.Rd2 Bc4 23.Ra3 Ng4 24.Rc2 Nce5 25.Bxe4 Bd5 26.Bxd5 
Qxd5+ {(+2.24)} 27.Kg1 {(-02.46)} 27...Nc4 28.Bd4 c5 {Nigel Short spielt
zwingend.} 29.bxc5 dxc5 30.e4 Qxe4 31.Bxc5 Qd5 32.Bb4 Nge5 33.f4 Nf3+ {(+6.25)} 
34.Kf2 {(-05.91)} 34...Ne1 35.Kg1 ( 35.Kg1 {HIARCS 15.4 sagt Matt in 12.} 
35...Nxc2 36.Be7 N4e3 37.Qxc2 Nxc2 38.c4 Qd1+ 39.Kg2 Rxe7 40.Nf2 Re2 41.fxg5 
Rxf2+ 42.Kxf2 Qd2+ 43.Kg1 Nxa3 44.gxh6 Re8 45.h7+ Kxh7 46.h4 Re1# ) 35...Nxc2 
{(+9.99)} 36.Ra2 {(resign).} 0-1

[Event "Duell 7"]
[Site "Turnierstufe"]
[Date "2025.05.06"]
[Round "13"]
[White "Reflection II max Nigel Short"]
[Black "Reflection II max Super Expert C sel. 5"]
[Result "1/2-1/2"]
[WhiteElo "2210"]
[BlackElo "2143"]
[PlyCount "154"]

1.d4 Nf6 2.c4 e6 3.Nf3 b6 4.g3 Ba6 5.b3 Bb4+ 6.Bd2 Be7 7.Bg2 c6 8.O-O d5 9.Bc3 
{Buchende.} 9...Ne4 10.Bb2 Nd7 11.Nbd2 f5 {Buchende.} 12.Bh3 Nxd2 13.Qxd2 dxc4 
$6 {Und schon ist Schwarz unter Druck (Felder e5, e6).} 14.Qe3 Kf7 15.Rac1 Re8 
16.bxc4 Bf6 17.Bg2 Kg8 18.Rfd1 Qc7 19.Bh3 ( 19.Qa3 {ist kraftvoller.} ) 19...c5 
20.Bg2 $10 Bb7 21.Qa3 cxd4 22.Nxd4 Bxg2 23.Kxg2 Red8 24.Qf3 Nc5 25.Nb5 Qe7 
26.Bxf6 Qxf6 27.Qc6 Qe7 28.Nd6 Qf8 29.Rd4 Qf6 30.Rcd1 $10 {Doch es sieht
imposant aus für Weiß.} 30...e5 31.Rd5 Ne6 $2 ( 31...Rf8 {und nichts ist los.} 
) 32.e3 ( {Glück für SEC, denn NS sieht das gewinnbringende} 32.f4 $1 {nicht.
z:B.} 32...g6 ( 32...Nd4 33.Qb7 Rdb8 34.Qc7 Rd8 35.fxe5 Ne6 36.exf6 Nxc7 
37.Rxf5 {...} ) 33.fxe5 Qe7 34.Nb7 Rdc8 35.Rd7 Rxc6 36.Rxe7 Rc7 37.Rxc7 Nxc7 
38.Rd7 {...} ) 32...Rf8 33.f4 {Immer noch richtig.} 33...exf4 34.exf4 g6 35.Re5 
Nc5 36.Qd5+ Kh8 37.Re3 a6 {(-00.04)} 38.Qe5 {(+0.50)} 38...Kg8 39.Re2 Qxe5 
40.Rxe5 {Der weiße Springer hat ein schönes Feld - nur leider kein weiteres.} 
40...Rfd8 41.Red5 Kf8 42.Kf3 Ke7 43.h3 ( 43.Re1+ Kf8 44.Red1 Ke7 {... Remis.} ) 
43...h5 44.R1d2 Rab8 45.Re2+ Kf6 46.a3 Ne6 47.g4 fxg4+ 48.hxg4 hxg4+ 49.Kxg4 
Nc5 50.f5 gxf5+ 51.Rxf5+ Kg6 52.Rd5 Kf6 53.Kf3 Kg6 54.Rg2+ Kf6 55.Ne4+ Nxe4 
56.Kxe4 Re8+ 57.Kf4 Rec8 58.Rf5+ Ke7 59.Re5+ Kd7 60.Rd5+ Kc7 {Rest in je 1
Stunde.} 61.Rg7+ Kc6 62.Ke5 Re8+ 63.Kd4 Rg8 64.Re7 Rg6 65.Ra7 Rf8 66.Rxa6 Rg4+ 
67.Kc3 Rf3+ 68.Rd3 Rxd3+ 69.Kxd3 Kc5 70.Ra8 Rd4+ 71.Ke2 Rxc4 72.Rf8 Ra4 73.Rf3 
b5 74.Rd3 Rg4 75.Rc3+ Kd4 76.Rb3 Rg2+ 77.Kf3 {(0.00)} 77...Rg5 {(00.00) Remis
gegeben.} 1/2-1/2

[Event "Duell 7"]
[Site "Turnierstufe"]
[Date "2025.05.18"]
[Round "14"]
[White "Reflection II max Super Expert C sel. 5"]
[Black "Reflection II max Nigel Short"]
[Result "1/2-1/2"]
[WhiteElo "2145"]
[BlackElo "2208"]
[PlyCount "176"]

1.e4 e6 2.d4 d5 3.Nd2 c5 4.exd5 Qxd5 5.Ngf3 cxd4 6.Bc4 Qd6 7.O-O Nf6 8.Nb3 Nc6 
9.Nbxd4 Nxd4 10.Nxd4 a6 {Buchende.} 11.Bb3 {Buchende.} 11...Be7 12.Nf3 Qc7 
13.Qd4 O-O 14.Bf4 Qa5 15.Qe5 Nd5 16.Bd2 Qc5 17.Qe2 b5 18.Ne5 Nf6 19.a3 Bb7 
20.Rad1 Rfd8 21.Ba5 Rxd1 22.Rxd1 Bd6 23.Nf3 Nd5 24.Bxd5 Bxd5 $10 {Wieder einmal
hat sich Nigel Short mehr Raum verschafft, Weiß hat dennoch alles im Griff.} 
25.Bb4 Qc7 26.Bxd6 Qxd6 27.Ne5 Rc8 28.Ng4 Qc6 29.Ne3 Be4 30.Rd2 h6 31.c3 Re8 
32.Qg4 a5 33.Rd4 Bg6 34.h4 e5 35.Rd1 Rb8 36.h5 Bh7 37.Rd7 {SEC geht's recht
gut.} ( {Zu versuchen wäre:} 37.Rd5 Qe8 38.c4 bxc4 39.Nxc4 {...} ) 37...Qe4 
38.Qd1 Qb1 39.Qxb1 Bxb1 40.Kf1 Ba2 41.Ke2 Kh7 42.Nd5 Rf8 43.Ke3 f5 ( {Doch eher} 
43...a4 {oder} ) ( 43...f6 ) 44.g3 Bc4 45.b4 axb4 46.axb4 Bb3 47.f3 Bc4 48.g4 
e4 49.gxf5 exf3 50.Ne7 Be2 ( 50...Be6 {ist besser.} ) 51.Rd5 Re8 52.Re5 {Der
Novag hat leichtes Oberwasser. Noch kann alles passieren...} 52...Rd8 53.Ng6 
Bd1 54.f6 gxf6 55.Rxb5 {(00.00)} 55...Re8+ {(-0.01)} 56.Kf2 Re2+ 57.Kf1 ( 
{oder} 57.Kg3 {Alles andere verliert:} ) ( 57.Kxf3 Re5+ {...} ) ( 57.Kg1 Rg2+ 
58.Kh1 ( 58.Kf1 {Matt in 10} 58...Be2+ 59.Ke1 Bxb5 60.Nf4 f2+ 61.Kd2 f1=Q+ 
62.Nxg2 Qxg2+ 63.Ke3 Qe2+ 64.Kf4 Bc6 65.Kg3 Qe3+ 66.Kh4 Qf2+ 67.Kg4 Bd7# ) 
58...Be2 59.Rf5 Rxg6 $1 60.hxg6+ Kxg6 61.Rxf3 ( 61.Rf4 Kg5 62.Rd4 f2 63.Rd1 
f1=Q+ {...} ) 61...Bxf3+ {...} ) 57...Rb2 58.Rf5 Be2+ 59.Ke1 Rc2 60.Rxf6 Kg7 
{Rest in je 1 Stunde.} 61.Rf4 Rxc3 62.Nh4 Rb3 63.Kf2 Rb2 64.Nf5+ Kh7 65.Ke3 
Rb3+ 66.Kf2 Bb5 67.Ng3 Be8 68.Rc4 Kg7 69.Nf5+ Kf6 70.Nxh6 Bxh5 71.Ng4+ Kg5 
72.Ne3 Rb2+ 73.Rc2 Rxb4 {Es bleibt Remis.} 74.Rc5+ Kg6 75.Rc6+ Kg7 76.Rc7+ Kh6 
77.Rc6+ Kh7 78.Rc7+ Kg8 79.Rc5 Rh4 80.Kg3 Rh1 81.Rc7 Rg1+ 82.Kf2 Rg5 83.Ra7 Rb5 
84.Rc7 Kf8 85.Nc4 Rg5 86.Kf1 Kg8 87.Ne3 Rg7 88.Rxg7+ {(00.00)} 88...Kxg7 
{(0.00)} 1/2-1/2

[Event "Duell 7"]
[Site "Turnierstufe"]
[Date "2025.05.21"]
[Round "15"]
[White "Reflection II max Nigel Short"]
[Black "Reflection II max Super Expert C sel. 5"]
[Result "1-0"]
[WhiteElo "2206"]
[BlackElo "2147"]
[PlyCount "110"]

1.e4 e5 2.Nf3 Nc6 3.Bb5 d6 4.d4 Bd7 5.Nc3 Nf6 6.Bxc6 Bxc6 7.Qd3 {Buchende.} 
7...Nd7 8.Be3 exd4 {Buchende.} 9.Qxd4 Be7 10.Qxg7 Bf6 11.Qh6 Bxc3+ 12.bxc3 Bxe4 
13.O-O-O Qe7 14.Nd4 O-O-O 15.Rhe1 Bxg2 16.Nb5 {Nigel Short will nun den Bauern 
zurück ...} 16...Qe6 17.Qg5 Rhg8 {(+01.01)} 18.Nxa7+ {(-0.10) ... und träumt von
einem Königsangriff.} 18...Kb8 19.Qa5 b6 ( 19...Qc4 {geht auch. Andere Züge
verlieren, z.B.} ) ( 19...c6 $2 20.Nxc6+ Bxc6 21.Ba7+ Kc8 22.Rxe6 fxe6 23.Rxd6 
{...} ) ( 19...Ne5 $2 20.Nb5 Qc4 21.f4 $1 Nc6 ( 21...Ng6 22.Nxc7 Qxc7 23.Bb6 
Qc6 24.Bxd8 Rxd8 25.Qxd8+ Ka7 26.Rxd6 {...} ) 22.Ba7+ {#6} 22...Nxa7 23.Qxa7+ 
Kc8 24.Re7 Qxf4+ 25.Kb1 Qb4+ 26.cxb4 Be4 27.Qa8# ) 20.Qa3 Qf5 21.c4 Ne5 22.Nb5 
Nc6 $10 {Im Folgenden finden beide nicht immer die beste Fotsetzung:} 23.f4 ( 
23.Rd3 ) 23...Rg6 ( 23...Kb7 {sieht gut aus.} ) 24.Rd2 Qf6 ( 24...Kb7 ) 25.c3 ( 
25.Bd4 ) 25...Qh4 26.Bf2 Qxf4 27.Qa6 Re6 28.Rxe6 fxe6 29.Bxb6 Rd7 30.Bf2 Qxc4 
$2 {Ein echter Fehler, aber SEC kann die Konsequenzen nicht sehen...} ( 
{Richtig ist} 30...Rf7 ) 31.Kb2 $1 {(-0.06) ... NS spielt richtig, sieht die
Folgen aber auch nicht. Dem Novag schwant nun doch Böses, denn er rechnet ganze
19 Minuten und spielt} 31...Rf7 {mit der Bewertung (-02.58)} ( {NS hatte} 
31...Bd5 {erwartet mit (0.00).} ) 32.Ba7+ {Nun geht auch Mephistos Bewertung
hoch auf 2 BE.} 32...Nxa7 ( 32...Ka8 {#2} 33.Qc8+ Nb8 34.Qxb8# ) 33.Qxa7+ Kc8 
34.Qa6+ Kd7 35.Rxg2 {und es fehlt ein Offizier.} 35...Qd5 36.Rc2 Rf8 37.Qa5 Qc5 
38.Rg2 {(+2.43)} 38...Rf2+ {(-02.16) SEC bleibt praktisch nichts anderes übrig
als der Tausch.} 39.Rxf2 Qxf2+ 40.Kb3 Qc5 41.a4 Qd5+ 42.Ka3 Qc5+ 43.Qb4 Qe3 
44.Qg4 Qc1+ 45.Kb4 Qh6 46.Qg8 Qh4+ 47.Kb3 e5 48.Qf7+ Qe7 49.Qxe7+ Kxe7 {Das
sollte es gewesen sein.} 50.Nxc7 Kd7 51.Nd5 h5 52.h4 e4 53.Nf6+ Ke6 54.Nxh5 d5 
{(-08.73)} 55.a5 {(+9.99)} 55...e3 {(resign)} 1-0

[Event "Duell 7"]
[Site "Turnierstufe"]
[Date "2025.05.27"]
[Round "16"]
[White "Reflection II max Super Expert C sel. 5"]
[Black "Reflection II max Nigel Short"]
[Result "0-1"]
[WhiteElo "2139"]
[BlackElo "2214"]
[PlyCount "86"]

1.c4 c6 2.e4 d5 3.exd5 cxd5 4.d4 Nf6 5.Nc3 Nc6 6.Bg5 Qa5 7.Bxf6 exf6 8.cxd5 Bb4 
9.Qd2 Bxc3 10.bxc3 Qxd5 {Buchende.} 11.Ne2 O-O 12.Nf4 {Buchende.} 12...Qe4+ 
13.Kd1 $2 {Huch? In der normalen 6MHz-Version spielt er Le2. Warum nicht} ( 
13.Be2 {oder} ) ( 13.Qe3 {?} ) 13...Bg4+ {Weiß muss ab jetzt Löcher stopfen.} 
14.Kc1 Qe7 15.Kb2 Rad8 16.Re1 Qc5 17.Qe3 Qa5 18.Bc4 Bd7 19.Qg3 $2 {Auch NS hätte
den gespielt. Beide können keinen Nachteil sehen und auch ein guter menschlicher
Schachspieler wohl nicht.} ( {Allerdings hätte ein Mensch wohl intuitiv} 19.Bb3 
{gespielt und die Löcher sind zunächst zu.} ) 19...Bf5 ( {Hiarcs sagt:} 
19...Nxd4 $1 {Mit großem Vorteil und z.B. solchen Varianten:} 20.Rd1 ( 20.cxd4 
Qd2+ 21.Kb3 a5 22.Nd5 Ba4+ 23.Kxa4 Rxd5 24.Qb3 b5+ 25.Ka3 bxc4 26.Rd1 Qxf2 
27.Qxc4 Qxg2 {...} ) 20...Qb6+ 21.Bb3 Nf5 22.Qf3 Bc6 23.Qe2 Rfe8 24.Qc2 {... Das
ist alles viel zu tief für die Beiden.} ) 20.Bb3 {(00.00) in Erwartung von:} 
20...Nxd4 {(+0.83)} 21.cxd4 {(-00.26)} 21...Qd2+ {(+0.75) Erst nach 15 Minuten
gespielt.} 22.Ka3 {(-00.83)} 22...Rxd4 {(+1.25)} ( 22...b5 $1 ) 23.Nd5 
{(-01.05)} 23...Rxd5 24.Bxd5 Qxd5 25.Rd1 $2 {(-01.01) Der endgültige
Verlustzug!} 25...Qa5+ {(+1.68)} 26.Kb2 {(-01.93)} 26...Rc8 {Die Schlinge zieht
sich zu.} 27.Ka1 Rc2 {(+4.80)} 28.a3 {(-05.44)} 28...Qb6 29.Qb3 Rc1+ 30.Kb2 ( 
30.Rxc1 {Matt in 6} 30...Qxb3 31.Rc8+ Bxc8 32.Rc1 Bf5 33.Rc8+ Bxc8 34.g4 Be6 
35.f3 Qa2# ) 30...Qxb3+ 31.Kxb3 Bc2+ 32.Kc3 Rxd1 33.Rxd1 Bxd1 34.Kd2 Ba4 35.Kd3 
b5 36.h3 a5 37.Kd4 b4 38.axb4 axb4 39.Kc4 b3 40.Kc3 Kf8 {Es wird höchste Zeit,
dass der Novag aufgibt.} 41.g3 Ke7 42.Kb2 Kd6 43.f3 Ke5 {Genug des grausamen
Spiels!} ( 43...Ke5 {Matt in 13:} 44.f4+ Kd4 45.Ka3 Kc4 46.Kb2 Bb5 47.g4 g5 
48.fxg5 fxg5 49.h4 gxh4 50.g5 h3 51.g6 h2 52.gxf7 h1=Q 53.f8=Q Qg2+ 54.Qf2 
Qxf2+ 55.Kb1 Qa2+ 56.Kc1 Qc2# ) 0-1

[Event "Duell 7"]
[Site "Turnierstufe"]
[Date "2025.06.03"]
[Round "17"]
[White "Reflection II max Nigel Short"]
[Black "Reflection II max Super Expert C sel. 5"]
[Result "1/2-1/2"]
[WhiteElo "2222"]
[BlackElo "2131"]
[PlyCount "162"]

1.e4 e5 2.Nf3 Nc6 3.Bc4 Nf6 4.d4 exd4 5.O-O Nxe4 6.Re1 d5 7.Bxd5 Qxd5 8.Nc3 Qa5 
9.Nxe4 Be6 10.Neg5 O-O-O 11.Nxe6 fxe6 12.Rxe6 Bd6 {Buchende.} 13.Qe2 Qh5 14.h3 
{Buchende.} 14...Rhe8 $10 15.Kh1 $2 {zu kurzsichtig.} ( 15.Kf1 $1 ) 15...Ne5 
{(+00.30)} 16.Rxe8 {(-0.53)} 16...Rxe8 {(+00.42)} 17.Nxd4 Nd3 {(+00.03)} 18.Be3 
{(-0.37)} 18...Qxe2 19.Nxe2 Nxf2+ 20.Bxf2 Rxe2 {Diese nachteilige Stellung hätte
NS mit 15.Kf1! vermeiden können.} 21.Bd4 g6 22.c4 h5 23.Rd1 a6 ( 23...Rc2 $1 ) 
24.Kg1 Rc2 25.Bc3 Ba3 26.Bf6 Bc5+ 27.Kh1 b6 28.Bc3 Ba3 29.Rb1 Kd7 30.Kh2 Kc6 
31.Kg3 Bd6+ 32.Kf3 Kc5 33.Rd1 Kxc4 {(+01.15)} 34.Rd4+ {(-0.68)} 34...Kc5 35.Re4 
c6 $6 {Jetzt riecht's nach Remis.} ( 35...Kd5 ) 36.Re6 g5 37.Rg6 Bf4 38.h4 Bc1 
39.hxg5 Bxb2 ( 39...Bd2 $2 {und z.B.} 40.Bxd2 Rxd2 41.Re6 Rd4 42.Re4 Rd5 43.Kf4 
{...} ) 40.Bf6 Kd5 {Es ist bei bestem Spiel ein Remis, aber es gibt noch Raum
für kapitale Fehler.} 41.a4 $6 {Suboptimal.} ( 41.Bxb2 Rxb2 42.Rf6 c5 43.g4 
hxg4+ 44.Kg3 {... und remislich.} ) 41...Bxf6 {(+01.66)} 42.Rxf6 {(-1.02)} 
42...Rc3+ 43.Kf2 Rc2+ 44.Kf3 Ke5 45.Rh6 Rc3+ 46.Kf2 b5 $1 {Guter Zug.} 47.Rxh5 
Kf5 48.Rh7 bxa4 $6 {Remis.} ( 48...b4 $1 {ist richtig.} ) 49.Ra7 Kxg5 50.Rxa6 
a3 51.Ra4 Rc2+ 52.Kf3 a2 53.Ra5+ Kf6 54.Ra6 $6 Kf5 ( 54...Ke5 ) 55.g4+ Kg5 
56.Ra8 Rh2 57.Ra5+ Kf6 58.g5+ Kg6 59.Kf4 Rb2 60.Kg4 Rg2+ {Rest in je 1 Stunde.} 
61.Kf3 Rd2 ( {Auch} 61...Rxg5 62.Rxa2 c5 63.Kf4 Rf5+ 64.Ke4 {... ist Remis.} ) 
62.Kf4 Re2 63.Kg4 Rb2 64.Kf4 Kh5 65.Ra7 Rh2 66.Kg3 {(-1.15)} 66...Rc2 {(+01.75)
Sie sehen nicht ein, dass es ein Unentschieden ist.} 67.Kf4 Rf2+ 68.Ke3 Rg2 
69.Kf3 Rd2 70.Ke3 Rh2 71.Kf4 Rc2 72.Rh7+ Kg6 73.Ra7 Rf2+ 74.Kg4 Rg2+ 75.Kf4 Rc2 
76.Ra5 c5 77.Ra6+ Kf7 78.Ra7+ Ke6 79.Ra6+ Ke7 80.Ra7+ Kd6 81.Kf3 Ke5 {und gut
ist es. Remis gegeben.} 1/2-1/2

[Event "Duell 7"]
[Site "Turnierstufe"]
[Date "2025.07.02"]
[Round "18"]
[White "Reflection II max Super Expert C sel. 5"]
[Black "Reflection II max Nigel Short"]
[Result "1/2-1/2"]
[WhiteElo "2134"]
[BlackElo "2219"]
[PlyCount "120"]

1.e4 e5 2.Nf3 Nf6 3.d4 Nxe4 4.dxe5 d5 5.Nbd2 {Buchende.} 5...Nc5 6.Nb3 Nxb3 
7.axb3 Be7 {Buchende.} 8.Be3 $10 a5 9.Be2 O-O 10.c3 Nc6 11.b4 b6 {Positionell
nicht der beste Zug.} ( {Einfach} 11...Bg4 {.} ) 12.O-O $14 ( {Es könnte z.B.
auch gut folgen:} 12.b5 Na7 13.O-O Bd7 14.Qb3 c6 15.bxc6 Bxc6 16.Nd4 {... und
Weiß fühlt sich sehr wohl.} ) 12...f6 13.exf6 Bxf6 14.bxa5 Rxa5 15.Qd2 Bb7 
16.Bd3 Qd7 17.Qc2 g6 18.Rxa5 Nxa5 19.Bh6 Bg7 20.Bxg7 Qxg7 21.b4 Nc4 22.Ra1 $10 
Ne5 23.Nxe5 Qxe5 24.Ra7 Bc6 25.Qe2 Qxe2 26.Bxe2 Re8 27.Kf1 Re7 28.Ba6 Kf7 
29.Bd3 Be8 30.g3 c5 31.Rxe7+ Kxe7 {Nun kann wohl nicht mehr viel passieren,
oder?} 32.bxc5 bxc5 33.Ke2 d4 34.cxd4 cxd4 35.Ba6 Kd6 36.Kd3 Kd5 37.Bb7+ Kc5 
38.h4 Ba4 39.Be4 Bb5+ 40.Kd2 {(+00.31)} 40...Bc4 {(+0.15)} 41.h5 Bd5 42.Bb1 
gxh5 43.Bxh7 Bf3 44.Kd3 Bb7 45.f4 Ba6+ 46.Kd2 Bb7 47.Bf5 Bd5 48.Bg6 Bf3 49.Kd3 
Bg4 50.Be4 Be6 51.Ke2 Bc4+ 52.Kd2 Bf7 53.Bc2 Kd6 54.Bh7 Ke6 55.Kd3 Kd5 56.Be4+ 
Kc5 57.Kd2 Be8 58.Bf5 Bf7 59.Bd3 Kd6 60.Kc2 Kd5 {und mit der Zeitkontrolle Remis
gegeben.} 1/2-1/2

[Event "Duell 7"]
[Site "Turnierstufe"]
[Date "2025.07.02"]
[Round "19"]
[White "Reflection II max Nigel Short"]
[Black "Reflection II max Super Expert C sel. 5"]
[Result "1-0"]
[WhiteElo "2217"]
[BlackElo "2136"]
[PlyCount "91"]

1.d4 d5 2.Nf3 Nf6 3.c4 {Buchende!?} 3...dxc4 4.Qa4+ c6 5.Qxc4 Bf5 6.Nc3 e6 
{Buchende.} 7.Bg5 Be7 8.e3 Nbd7 9.Qb3 Nb6 10.Be2 O-O 11.O-O $10 {Beide sind
solide entwickelt.} 11...Nfd5 12.Bxe7 Qxe7 13.a4 Nc8 14.Rac1 Nd6 15.Nd2 Rfd8 
16.Bf3 Nxc3 17.Qxc3 Rac8 18.Rfe1 Rd7 19.b4 Rcd8 20.e4 {Guter Vorstoß mit
Raumgewinn, zur richtigen Zeit gespielt.} 20...Bg6 21.Rcd1 ( 21.Nb3 {mit Blick
auf c5 ist eine Option.} ) 21...Qh4 {Naja, die Lady bekommt sofort einen Tritt
...} 22.g3 Qh6 {... und die geht auf einen Nebenschauplatz am Rand.} ( 22...Qe7 
) 23.Nb3 {... und schrittweise wird SEC zurückgedrängt.} 23...Re7 24.Rc1 {sehr
vorsichtig.} ( 24.Qc5 {oder} ) ( 24.e5 {sind starke Alternativen.} ) 24...f6 
25.Qc5 a6 26.d5 cxd5 27.exd5 e5 28.Qb6 Rdd7 $16 {Schwarz kann die entstandenen
Löcher kaum noch stopfen.} 29.Bg2 {Wiederum sehr vorsichtig.} ( 29.Nc5 {ist
stark.} ) 29...Bd3 30.b5 axb5 31.Nc5 {Armer Novag. Er kann einpacken.} 31...Nc8 
{(+00.59)?} 32.Qa5 {(+0.47)} 32...b6 33.Qa8 bxc5 34.Qxc8+ Kf7 35.Qxc5 ( {Oder} 
35.d6 Rxd6 36.Qxc5 Red7 37.axb5 Qd2 38.b6 Ba6 39.Bc6 Rd8 40.b7 {...} ) 35...Rc7 
{(-01.16)} 36.Qxc7 {(+2.26)} 36...Rxc7 37.Rxc7+ Kf8 38.Ra1 b4 39.d6 b3 40.Rc8+ 
Kf7 41.d7 b2 42.Rf1 ( 42.Rf1 {HIARCS 15.4 sagt Matt in 16.} 42...Kg6 43.d8=Q 
Qd2 44.Be4+ Kh6 45.Qxd3 Qxd3 46.Bxd3 f5 47.Bxf5 Kg5 48.Bxh7 g6 49.a5 Kh5 50.a6 
b1=Q 51.Rxb1 e4 52.a7 e3 53.fxe3 Kg5 54.a8=Q Kf6 55.Qc6+ Kf5 56.Qxg6+ Ke5 
57.Rc5# ) 42...b1=Q 43.d8=Q Kg6 44.Qe8+ Kf5 45.Rxb1 Bxb1 46.h4 ( 46.h4 Qd2 
{Matt in 7.} 47.Rc6 Qd1+ 48.Kh2 Qg1+ 49.Kxg1 Kg4 50.Qd7+ Kh5 51.Qxg7 Bf5 
52.Qxf6 Kg4 53.Qg5# ) 1-0

[Event "Duell 7"]
[Site "Turnierstufe"]
[Date "2025.07.07"]
[Round "20"]
[White "Reflection II max Super Expert C sel. 5"]
[Black "Reflection II max Nigel Short"]
[Result "1-0"]
[WhiteElo "2128"]
[BlackElo "2225"]
[PlyCount "185"]

1.e4 e5 2.f4 {Oje, jetzt auch noch das Königsgambit.} 2...exf4 3.Nf3 d6 4.d4 g5 
5.h4 g4 6.Ng1 Qf6 7.Nc3 {Buchende.} 7...Ne7 8.Be2 $6 ( {Theorie ist} 8.Nge2 ) 
8...Rg8 9.Nb5 Na6 10.Qd2 Bh6 11.Nc3 c5 $6 {Ungewöhnlich, dass NS sich freiwillig
einen doppelten Randbauern verpassen lässt.} ( 11...b6 ) 12.Bxa6 bxa6 13.Nge2 
Bb7 14.dxc5 O-O-O 15.Nxf4 $6 {Fehlkombination.} ( 15.Qd4 ) 15...Ng6 16.g3 Bxf4 
17.gxf4 Nxh4 18.Qe2 Nf3+ 19.Kf2 dxc5 20.Rh5 Nd4 21.Qc4 {(-00.64) Wo nimmt SEC
seinen Optimismus her?} 21...Nxc2 {(+2.42)} ( 21...Kb8 {ist die solidere
Alternative.} ) 22.Qxc5+ Kb8 23.Rb1 Rc8 24.Qe5+ Qxe5 25.Rxe5 g3+ 26.Kg1 Ne1 
27.Rh5 f5 28.Be3 Nf3+ 29.Kg2 Bxe4 30.Nxe4 fxe4 31.Bc5 Rcd8 32.Bb4 Rd4 33.Bc3 
{Es sieht ganz schlecht aus für SEC, doch:} 33...Rd7 $6 {Plötzlich kann Weiß
wieder mitspielen.} ( {Richtig ist:} 33...Rd3 34.Rxh7 Re3 35.Rg7 Rxg7 36.Bxg7 
Ne1+ {...} ) 34.Rbh1 $6 ( 34.f5 $1 {mit Ausgleich.} ) 34...Kb7 $6 ( 34...Rd3 
{behält den Vorteil.} ) 35.Rxh7 $10 Rxh7 36.Rxh7+ Kc8 37.Ba5 Rg6 38.Rc7+ Kb8 
39.Rh7 Rg4 40.Bc3 Kc8 41.Rh8+ Kd7 42.Rh1 Kc6 43.Rc1 Kd5 44.f5 Rg8 45.Rd1+ Kc6 
46.Rh1 Kc5 $2 {Jetzt greift NS daneben.} ( 46...Kd5 ) 47.f6 {Der Bauer wird
immer stärker.} 47...Rg4 48.f7 Rf4 49.Rh7 Nd4 50.Bd2 Rf3 $2 ( 50...Rf2+ 51.Kxg3 
Rf3+ 52.Kg4 Kc4 53.b3+ Kd3 {...} ) 51.Be3 Kc4 52.f8=Q Rxf8 53.Rc7+ Kd3 54.Rc3+ 
Ke2 55.Bxd4 Rb8 {(-2.55)} 56.Re3+ {(+02.88)} 56...Kd2 57.Rxe4 Kd3 58.Rf4 Rg8 
{(-3.62)} 59.Bc3 {(+03.67)} 59...Rg6 60.Rf3+ Ke2 {Rest in je 1 Stunde.} 61.Rxg3 
Rxg3+ 62.Kxg3 Ke3 63.Kg4 Ke4 64.Kg5 Ke3 65.Kf5 Kd3 66.Ke5 Kc2 67.Kd4 Kb1 68.a4 
a5 69.b3 Ka2 70.Kc4 Kb1 71.Bxa5 Kc1 72.b4 Kd2 73.b5+ Ke3 74.Bc7 Ke4 75.a5 Kf5 
76.b6 axb6 77.axb6 Kg6 78.Kd5 Kf7 79.Bd6 Kg6 80.Kc6 Kf5 81.Kc7 Ke4 82.b7 Kd3 
83.Kc8 Kd2 84.b8=Q Kd3 85.Qb4 Ke3 86.Qf4+ Kd3 87.Kd7 Kc3 88.Qe4 Kd2 89.Bb4+ 
{Mattankündigung.} 89...Kc1 90.Qc4+ Kb2 91.Qc3+ Kb1 92.Ba3 Ka2 93.Qb2# 1-0

[Event "Duell 7"]
[Site "Turnierstufe"]
[Date "2025.07.08"]
[Round "21"]
[White "Reflection II max Nigel Short"]
[Black "Reflection II max Super Expert C sel. 5"]
[Result "1-0"]
[WhiteElo "2212"]
[BlackElo "2141"]
[PlyCount "82"]

1.d4 g6 2.e4 Bg7 3.Nc3 d6 4.f4 Nf6 5.Nf3 O-O 6.Bd3 Nc6 7.O-O Bg4 8.e5 dxe5 
9.dxe5 Nd5 10.h3 Nxc3 11.bxc3 Bf5 {Buchende.} 12.Be3 {Buchende. Die Stellung isr
wie gemacht für die dynamische Spielweise von Nigel Short.} 12...Bd7 13.Nd4 Qc8 
14.Rb1 Rd8 15.Qf3 Na5 $2 {Verkennt die Situation am Königsflügel und stellt das
Pferd ins Abseits.} ( {Besser:} 15...Rb8 ) 16.Be4 ( 16.f5 $1 {mit Attacke.} ) 
16...c6 17.f5 {Der programmatische Zug.} 17...Kh8 $2 {(-00.14) SEC erwartet nun
f6.} ( 17...Rf8 {begrenzt den Schaden noch.} ) 18.e6 $1 {(+1.25)} 18...Be8 
{(+00.08)?} 19.exf7 {(+1.50)} 19...Bxf7 {(-00.98)} 20.fxg6 Bxg6 21.Bxg6 hxg6 
22.Qf7 Rd6 23.Rf4 g5 24.Nf5 ( {Stärker ist:} 24.Qh5+ Rh6 25.Qxg5 Rh7 26.Rh4 
Rxh4 ( 26...Qg8 27.Rxh7+ Qxh7 28.Qxa5 {...} ) 27.Qxh4+ Kg8 28.Rf1 {...} ) 
24...Qg8 25.Qxg8+ Kxg8 26.Rg4 Bxc3 27.Rxg5+ {(+2.44)} 27...Kh8 {(-01.75)} 
28.Nxd6 exd6 29.Rd1 Rg8 30.Rh5+ Kg7 31.Rxd6 {Das Netz zieht sich zu.} 31...Re8 
32.Rg5+ Kf7 33.Rf5+ Ke7 34.Rd3 Ke6 35.g4 Be5 36.Bd4 Bxd4+ 37.Rxd4 {Der Springer
steht seit dem 15. Zug ungedeckt auf a5.} 37...b6 38.Re4+ Kd7 39.Rxe8 Kxe8 
40.g5 Nc4 41.g6 Nd6 {(resign)} 1-0